De trabajadores a proveedores (Registro nro. 316873)

Detalles MARC
000 -ENCABEZADO
Número de control [NR] 01375cam a2200277 c 4500
005 - FECHA Y HORA DE LA ÚLTIMA TRANSACCIÓN
control field 20200306150133.0
008 - DE LONGITUD FIJA DE DATOS DE ELEMENTOS - INFORMACIÓN GENERAL
Elementos de longitud fija [NR] 191209s2019 ck ||||| |||| 00| 0 spa d
020 ## - NUMERO INTERNACIONAL NORMALIZADO PARA LIBROS [R]
Número Internacional Normalizado del libro [NR] 9789587843200
040 ## - FUENTE DE CATALOGACION [NR]
Agencia de catalogación original [NR] CO-BoUCM
Idioma de catalogación [NR] spa
Quien Cataloga Deissy Garcia (modificó)
Quien Clasifica Deissy Garcia (modificó)
041 0# - CODIGO DE IDIOMA [R]
Código de idioma para texto/pista de sonido o título separado [R] Español
100 10 - ASIENTO PRINCIPAL--NOMBRE PERSONAL [NR]
Nombre personal [NR] Jiménez Nicholls, María Camila
ID Autoridad 99487
245 10 - MENCION DE TITULO [NR]
Título [NR] De trabajadores a proveedores
Parte restante del título [NR] la responsabilidad social empresarial y la tercerización laboral en los ingenios azucareros
Mención de responsabilidad, etc. [NR] María Camila Jiménez Nicholls
260 ## - PUBLICACION, DISTRIBUCION, ETC. (PIE DE IMPRENTA) [R]
Lugar de publicación, distribución, etc. [R] Bogotá
Nombre del editor, distribuidor, etc. [R] Universidad del Rosario
Fecha de publicación, distribución, etc. [R] 2019
300 ## - DESCRIPCION FISICA [R]
Extensión [R] 172 páginas
490 0# - MENCION DE SERIE [R]
Mención de serie [R] Opera prima
504 ## - NOTA DE BIBLIOGRAFIA, ETC. [R]
Nota de bibliografía, etc. [NR] Incluye referencias bibliográficas
650 #7 - ASIENTO SECUNDARIO DE MATERIA - TERMINO TEMATICO [R]
9 (RLIN) 23694
Término temático o nombre geográfico como elemento de entrada [NR] Responsabilidad social de los negocios
Subdivisión general [R] Historia
Subdivisión geográfica [R] Colombia
650 #7 - ASIENTO SECUNDARIO DE MATERIA - TERMINO TEMATICO [R]
9 (RLIN) 12787
Término temático o nombre geográfico como elemento de entrada [NR] Derecho laboral
Subdivisión general [R] Aspectos sociales
650 #7 - ASIENTO SECUNDARIO DE MATERIA - TERMINO TEMATICO [R]
9 (RLIN) 11842
Término temático o nombre geográfico como elemento de entrada [NR] Contratos de trabajo
Subdivisión general [R] Aspectos sociales
650 #7 - ASIENTO SECUNDARIO DE MATERIA - TERMINO TEMATICO [R]
9 (RLIN) 25621
Término temático o nombre geográfico como elemento de entrada [NR] Trabajo y trabajadores
Subdivisión de forma [R] Entrevistas
650 #7 - ASIENTO SECUNDARIO DE MATERIA - TERMINO TEMATICO [R]
9 (RLIN) 11966
Término temático o nombre geográfico como elemento de entrada [NR] Cooperación industrial
Subdivisión general [R] Aspectos sociales
650 #0 - ASIENTO SECUNDARIO DE MATERIA - TERMINO TEMATICO [R]
9 (RLIN) 99486
Término temático o nombre geográfico como elemento de entrada [NR] Centrales azucareras
Subdivisión general [R] Historia
Subdivisión geográfica [R] Colombia
856 ## - LOCALIZACION Y ACCESO ELECTRONICOS [R]
Identificador Uniforme del Recurso (“URI”) [R] <a href="https://editorial.urosario.edu.co/gpd-de-trabajadores-a-proveedores-la-responsabilidad-social-empresarial-y-la-tercerizacion-laboral-en-los-ingenios-azucareros.html">https://editorial.urosario.edu.co/gpd-de-trabajadores-a-proveedores-la-responsabilidad-social-empresarial-y-la-tercerizacion-laboral-en-los-ingenios-azucareros.html</a>
Nota dirigida al público [R] Ver información del libro
942 ## - ELEMENTOS DE ENTRADA AGREGADOS (KOHA)
Tipo de ítem principal el descrito en 300a Edición Rosarista
Sistema de clasificación DEWEY
Tema principal Derecho
Edición 1
Clasificación 658.408
Parte restante de la signatura top. J617d
Existencias
Signatura topográfica Código de barras Última vez visto Ejemplar Costo de reposición Price effective from Tipo de ítem Perdido Sistema de clasificación Dañado No prestable Tipo de ítem específico Suprimido Ubicación habitual Ubicación actual Localización Fecha de creación Proveedor Forma de adquisición Costo Total préstamos Fecha de último préstamo
658.408 J617d 100165503 04/12/2025 Ej.2 43191.00 02/12/2019 Libro   DEWEY     Libro   Claustro Claustro 4to piso 02/12/2019 45 Compra 43191.00    
658.408 J617d 100165504 04/12/2025 Ej.3 43191.00 02/12/2019 Libro   DEWEY     Libro   Claustro Claustro 4to piso 02/12/2019 45 Compra 43191.00    
658.408 J617d 100165502 03/12/2025 Ej.1 43191.00 02/12/2019 Edición Rosarista   DEWEY     Libro Edición Rosarista   Claustro Claustro 4to piso 02/12/2019 45 Compra 43191.00    
658.408 J617d 100165505 04/12/2025 Ej.4 43191.00 02/12/2019 Libro   DEWEY     Libro   Claustro Claustro 4to piso 02/12/2019 45 Compra 43191.00    
658.408 J617d 100165838 04/12/2025 Ej.8 17013.35 19/02/2020 Libro   DEWEY     Libro   Claustro Claustro 4to piso 19/02/2020 45 Compra 17013.35 1 09/09/2023
658.408 J617d 100165836 04/12/2025 Ej.6 17013.35 19/02/2020 Libro   DEWEY     Libro   Claustro Claustro 4to piso 19/02/2020 45 Compra 17013.35    
658.408 J617d 100165837 04/12/2025 Ej.7 17013.35 19/02/2020 Libro   DEWEY     Libro   Claustro Claustro 4to piso 19/02/2020 45 Compra 17013.35    
658.408 J617d 100165835 04/12/2025 Ej.5 17013.35 19/02/2020 Libro   DEWEY     Libro   Claustro Claustro 4to piso 19/02/2020 45 Compra 17013.35